| 000 | 00000nam##2200000za#4500 |
| 001 | 9.570294 |
| 003 | CaOODSP |
| 005 | 20210624182155 |
| 007 | cr ||||||||||| |
| 008 | 150406|2003||||xxc|||||o f|0| 0 eng|d |
| 040 | |aCaOODSP|beng |
| 043 | |an-cn--- |
| 086 | 1 |aYC28-0/372-6E-PDF |
| 110 | 1 |aCanada. |bParliament. |bSenate. |bStanding Committee on Aboriginal Peoples. |
| 245 | 10|aUrban Aboriginal youth : |h[electronic resource]|ban action plan for change / |cThe Honourable Thelma Chalifoux, chair; The Honourable Janis G. Johnson, deputy chair. |
| 246 | 3 |aFinal report |
| 260 | |aOttawa - Ontario : |bSenate. |cOctober [30], 2003. |
| 300 | |a125p.|bgraphs, references, tables |
| 490 | 1 |aReport of the Standing Senate Committee on Aboriginal Peoples|v37th Parliament, 2nd Session, [6th report] |
| 590 | |a11-12-Supp|b2011-07-29 |
| 775 | 08|tLes jeunes Autochtones vivant en milieu urbain : |w(CaOODSP)9.601039 |
| 830 | #0|aReport of the Standing Senate Committee on Aboriginal Peoples ;|v37th Parliament, 2nd Session, [6th report]|w(CaOODSP)9.505264 |
| 856 | 40|ahttp://publications.gc.ca|qPDF|s657 KB|uhttps://publications.gc.ca/collections/collection_2011/sen/yc28-0/YC28-0-372-6-eng.pdf|y37th Parliament, 2nd Session, [6th report] |